| 000 | 01016cam a22002531i 4500 | ||
|---|---|---|---|
| 003 | SA-RiAUC | ||
| 005 | 20241001121712.0 | ||
| 008 | 240927q19801989ua g 000 0 ara c | ||
| 040 |
_aJO-MaAHU _bara _cSA-RiAUC _erda |
||
| 050 | 1 | 4 | _b.M836 |
| 082 | 0 | 4 |
_a811.1 _qSA-RiAUC |
| 090 |
_a811.1 _bح س ي |
||
| 100 | 0 |
_aحسين، محمد الخضر _d1876-1958 _eمؤلف. |
|
| 245 | 1 | 0 |
_aنقض كتاب في الشعر الجاهلي / _cمحمد الخضر حسين. |
| 264 | 1 |
_aالقاهرة : _bالمكتبة الأزهرية للتراث، _c[بين 1980 و1989] |
|
| 300 |
_a362 صفحة ؛ _c24 سم |
||
| 336 |
_aنص _btxt _2rdacontent _3كتاب |
||
| 337 |
_aبدون وسيط _bn _2rdamedia |
||
| 338 |
_aمجلد _bnc _2rdacarrier |
||
| 650 | 7 |
_aالشعر العربي _xتاريخ ونقد _yالعصر الجاهلي _2aucsh |
|
| 700 | 0 | 2 |
_iرد على (عمل) : _aطه حسين، _d1889-1973. _tفي الشعر الجاهلي |
| 942 |
_2ddc _cBOOK _n0 |
||
| 949 |
_aSA-JeALM _d240927 _umohamedma123 _n1 |
||
| 999 |
_c718 _d718 |
||